000 00696 a2200205 4500
010 _aENG-85686
020 _c1800.00
_a8170354528
035 _aEN-69219
037 _bD.B.Act / Pub
082 1 4 _a615.321
090 _c3460
_d3460
100 1 _aDhiman, Anil Kumar
245 1 _aAyurvedic drug plants
_cby Anil Kumar Jain
260 _aDelhi
_bDaya Publishing House
_c2007
270 _a1123/74, Deva Ram Park, Tri Nagar
_bDelhi
_e110 035
_k011-27383999
_l011-23244987
_mdayabooks@vsnl.com
300 _axxiii, 598 p.
_c22 cm ( Hb.)
500 _aIncludes index
942 _adpl
_cEN
_k615.321 / DHI
999 _c3393
_d3393